000 00962nam a22002537a 4500
005 20240530110410.0
008 150212s2012 ua c a 000 j ara d
017 _a2011/14199
_bمصر . دار الكتب المصرية
020 _a9771444093
040 _aEG-CaGPL
041 0 _aara
082 0 4 _221
_a813.02
_bط/أ ط
100 0 _aامانى العشماوى
245 1 0 _aطيرى يا طيارة /
_cقصة امانى العشماوى ؛ رسوم هنادى سليط ؛ اشراف عام داليا محمد ابراهيم
250 _aط1
260 _aالقاهرة :
_bنهضة مصر للطباعة و النشر و التوزيع ،
_c2012
300 _a31 ص :
_bصور ؛
_c32 سم
650 0 4 _aكتب الاطفال
650 0 4 _aالقصص القصيرة
700 0 _aهنادى سليط
_eرسام
700 0 _aداليا محمد ابراهيم
_eمشرف
942 _2ddc
_cBK
999 _c60434
_d60434